000
00172 a2200097 4500
001
44475
100
_a
245
_a
260
_a
Harrisburg
_b
_c
090
_c
28187
_d
28187
942
_a
NUST-CAE
_c
20210
_c
999
_c
279548
_d
279548